Application manual to accompany fundamenatals of anatomy and physiology (Record no. 63677)
[ view plain ]
| 000 -LEADER | |
|---|---|
| fixed length control field | 00908nam a2200193 a 4500 |
| 008 - FIXED-LENGTH DATA ELEMENTS--GENERAL INFORMATION | |
| fixed length control field | 150811s2004 ||||||||||||||||| || u |
| 020 ## - INTERNATIONAL STANDARD BOOK NUMBER | |
| International Standard Book Number | 9780130478115 |
| 050 ## - LIBRARY OF CONGRESS CALL NUMBER | |
| Classification number | QP 34.5 Mar |
| 100 ## - MAIN ENTRY--PERSONAL NAME | |
| Personal name | Martini, Frederic H |
| 245 10 - TITLE STATEMENT | |
| Title | Application manual to accompany fundamenatals of anatomy and physiology |
| Statement of responsibility, etc. | by Frederic H. Martini and Kathleen Welch |
| 250 ## - EDITION STATEMENT | |
| Edition statement | 6th ed. |
| 260 ## - PUBLICATION, DISTRIBUTION, ETC. | |
| Place of publication, distribution, etc. | San Francisco |
| Name of publisher, distributor, etc. | Benjamin/Cummings |
| Date of publication, distribution, etc. | 2004 |
| 300 ## - PHYSICAL DESCRIPTION | |
| Extent | ix, 195p. :ill. |
| 650 #3 - SUBJECT ADDED ENTRY--TOPICAL TERM | |
| Topical term or geographic name entry element | ANATOMY |
| 650 ## - SUBJECT ADDED ENTRY--TOPICAL TERM | |
| Topical term or geographic name entry element | PHYSIOLOGY |
| 650 ## - SUBJECT ADDED ENTRY--TOPICAL TERM | |
| Topical term or geographic name entry element | PHYSIOLOGY--MANUAL |
| 995 ## - | |
| -- | MEDICAL LIBRARY OPEN ACCESS |
| -- | 903093 |
| -- | CBU-SCHOOL OF MEDICINE LIBRARY (Ndola) |
| -- | 0.00 |
| -- | QP 34.5 Mar |
| -- | 2 |
| -- | AVAILABLE |
| -- | Sep 7, 2015 |
| -- | 903093 |
| -- | Medical Library Open Access Collection |
| 995 ## - | |
| -- | MICHAEL CHILUFYA SATA OPEN ACCESS |
| -- | 903092 |
| -- | CBU-SCHOOL OF MEDICINE LIBRARY (Ndola) |
| -- | 0.00 |
| -- | QP 34.5 Mar |
| -- | 1 |
| -- | AVAILABLE |
| -- | Sep 7, 2015 |
| -- | 903092 |
| -- | Medical Library Open Access Collection |
| 999 ## - | |
| -- | 63677 |
| -- | 63677 |
| Withdrawn status | Lost status | Source of classification or shelving scheme | Damaged status | Not for loan | Permanent Location | Current Location | Shelving location | Date acquired | Total Checkouts | Full call number | Barcode | Date last seen | Copy number | Price effective from | Koha item type | Date last checked out |
|---|---|---|---|---|---|---|---|---|---|---|---|---|---|---|---|---|
| CBU-SCHOOL OF MEDICINE LIBRARY, NDOLA. | CBU-SCHOOL OF MEDICINE LIBRARY, NDOLA. | 01/25/2023 | QP 34.5 Mar | 903093 | 01/25/2023 | 1 | 01/25/2023 | MONOGRAPH | ||||||||
| CBU-MICHAEL CHILUFYA SATA LIBRARY | CBU-SCHOOL OF MEDICINE LIBRARY, NDOLA. | 01/25/2023 | 1 | QP 34.5 Mar | 903092 | 10/09/2024 | 2 | 01/25/2023 | MONOGRAPH | 09/25/2024 |